Kraje, które produkują najwięcej wiśni - Statystyki

Ogólne statystyki
  • Ten quiz został rozwiązany 111 razy
  • Średni wynik to 13 z 20
Statystyki odpowiedzi
Kraj % Poprawnych
Polska
95%
Niemcy
93%
Chiny
90%
Rosja
90%
Hiszpania
89%
Włochy
89%
Ukraina
87%
Stany Zjednoczone Ameryki/ USA
83%
Turcja
82%
Białoruś
74%
Rumunia
71%
Grecja
70%
Węgry
69%
Bułgaria
66%
Iran
56%
Serbia
53%
Chile
19%
Syria
17%
Uzbekistan
13%
Azerbejdżan
9%
Nie znaleziono quizów pasujących do podanych kryteriów
Rozkład punktacji
Procent ludzi z każdym wynikiem
Percentyl według liczby udzielonych odpowiedzi
Twoja historia wyników
Nie rozwiązałeś tego quizu